Jojo's Bizarre Adventure Episode Names - Statistics

General Stats
  • This quiz has been taken 91 times
  • The average score is 44 of 190
Answer Stats
Hint Answer % Correct
SC Episode 45 DIO's World, Part 1
57%
SC Episode 46 DIO's World, Part 2
57%
SC Episode 47 DIO's World, Part 3
57%
PB Episode 1 Dio the Invader
53%
SC Episode 16 Lovers, Part 1
50%
SC Episode 17 Lovers, Part 2
50%
SO Episode 36 Made in Heaven, Part 1
50%
SO Episode 37 Made in Heaven, Part 2
50%
SC Episode 5 Silver Chariot
50%
SC Episode 21 Judgement, Part 1
47%
SC Episode 22 Judgement, Part 2
47%
SC Episode 7 Strength
47%
SC Episode 4 Tower of Gray
47%
SC Episode 13 Wheel of Fortune
47%
DiU Episode 35 Another One Bites the Dust, Part 1
43%
DiU Episode 36 Another One Bites the Dust, Part 2
43%
SC Episode 28 Anubis, Part 1
43%
SC Episode 29 Anubis, Part 2
43%
SO Episode 34 C-MOON, Part 1
43%
SO Episode 35 C-MOON, Part 2
43%
SC Episode 6 Dark Blue Moon
43%
SC Episode 19 Death Thirteen, Part 1
43%
SC Episode 20 Death Thirteen, Part 2
43%
SC Episode 8 Devil
43%
VA Episode 1 Gold Experience
43%
SC Episode 23 High Priestess, Part 1
43%
SC Episode 24 High Priestess, Part 2
43%
SC Episode 14 Justice, Part 1
43%
SC Episode 15 Justice, Part 2
43%
SC Episode 18 Sun
43%
SO Episode 38 What a Wonderful World
43%
SC Episode 9 Yellow Temperance
43%
VA Episode 23 Clash and Talking Head
40%
SC Episode 12 Empress
40%
VA Episode 17 Baby Face
37%
SO Episode 25 Bohemian Rhapsody, Part 1
37%
SO Episode 26 Bohemian Rhapsody, Part 2
37%
SO Episode 30 Heavy Weather, Part 1
37%
SO Episode 31 Heavy Weather, Part 2
37%
SO Episode 32 Heavy Weather, Part 3
37%
DiU Episode 28 Highway Star, Part 1
37%
DiU Episode 29 Highway Star, Part 2
37%
BT Episode 1 JoJo of New York
37%
VA Episode 24 Notorious B.I.G
37%
SC Episode 32 "Sethan" Alessi, Part 1
37%
SC Episode 33 "Sethan" Alessi, Part 2
37%
SO Episode 27 Sky High
37%
VA Episode 25 Spice Girl
37%
VA Episode 15 The Grateful Dead, Part 1
37%
VA Episode 16 The Grateful Dead, Part 2
37%
SC Episode 34 D'Arby the Gambler, Part 1
33%
SC Episode 35 D'Arby the Gambler, Part 2
33%
SC Episode 10 Emperor and Hanged Man, Part 1
33%
SC Episode 11 Emperor and Hanged Man, Part 2
33%
SO Episode 23 Jail House Lock!
33%
DiU Episode 23 Sheer Heart Attack, Part 1
33%
DiU Episode 24 Sheer Heart Attack, Part 2
33%
SO Episode 29 Under World
33%
VA Episode 19 White Album
33%
SC Episode 30 "Bastet" Mariah, Part 1
30%
SC Episode 31 "Bastet" Mariah, Part 2
30%
DiU Episode 37 Crazy Diamond Is Unbreakable, Part 1
30%
DiU Episode 38 Crazy Diamond Is Unbreakable, Part 2
30%
VA Episode 30 Green Day and Oasis, Part 1
30%
VA Episode 31 Green Day and Oasis, Part 2
30%
VA Episode 32 Green Day and Oasis, Part 3
30%
VA Episode 37 King of Kings
30%
DiU Episode 3 The Nijimura Brothers, Part 1
30%
DiU Episode 4 The Nijimura Brothers, Part 2
30%
DiU Episode 5 The Nijimura Brothers, Part 3
30%
PB Episode 8 Bloody Battle! JoJo & Dio
27%
BT Episode 11 Caesar: A Lonely Youth
27%
DiU Episode 1 Jotaro Kujo! Meets Josuke Higashikata
27%
DiU Episode 14 Let's Go to the Manga Artist's House, Part 1
27%
DiU Episode 15 Let's Go to the Manga Artist's House, Part 2
27%
SO Episode 1 Stone Ocean
27%
PB Episode 9 The Final Ripple!
27%
PB Episode 3 Youth with Dio
27%
PB Episode 2 A Letter from the Past
23%
VA Episode 26 A Little Story From the Past ~My Name Is Doppio~
23%
SC Episode 40 D'Arby the Player, Part 1
23%
SC Episode 41 D'Arby the Player, Part 2
23%
VA Episode 38 Gold Experience Requiem
23%
VA Episode 33 His Name Is Diavolo
23%
SC Episode 36 Hol Horse and Boingo, Part 1
23%
SC Episode 37 Hol Horse and Boingo, Part 2
23%
BT Episode 3 The Pillar Man
23%
VA Episode 34 The Requiem Quietly Plays, Part 1
23%
VA Episode 35 The Requiem Quietly Plays, Part 2
23%
DiU Episode 25 Atom Heart Father
20%
VA Episode 36 Diavolo Surfaces
20%
SO Episode 8 Foo Fighters
20%
DiU Episode 31 July 15th (Thursday), Part 1
20%
DiU Episode 32 July 15th (Thursday), Part 2
20%
DiU Episode 33 July 15th (Thursday), Part 3
20%
DiU Episode 34 July 15th (Thursday), Part 4
20%
VA Episode 27 King Crimson vs. Metallica
20%
VA Episode 39 Sleeping Slaves
20%
SO Episode 2 Stone Free
20%
BT Episode 16 The Birth of a Superbeing!!
20%
SC Episode 25 "The Fool" Iggy and "Geb" N'Doul, Part 1
20%
SC Episode 26 "The Fool" Iggy and "Geb" N'Doul, Part 2
20%
SC Episode 38 The Gatekeeper of Hell, Pet Shop, Part 1
20%
SC Episode 39 The Gatekeeper of Hell, Pet Shop, Part 2
20%
SC Episode 2 Who Will Be the Judge?!
20%
SO Episode 21 Awaken
17%
DiU Episode 30 Cats Love Yoshikage Kira
17%
VA Episode 5 Find Polpo's Fortune!
17%
DiU Episode 11 Red Hot Chili Pepper, Part 1
17%
DiU Episode 12 Red Hot Chili Pepper, Part 2
17%
DiU Episode 17 Rohan Kishibe's Adventure
17%
SC Episode 42 The Miasma of the Void, Vanilla Ice, Part 1
17%
SC Episode 43 The Miasma of the Void, Vanilla Ice, Part 2
17%
SC Episode 44 The Miasma of the Void, Vanilla Ice, Part 3
17%
VA Episode 21 The Mystery of King Crimson
17%
SO Episode 3 The Visitor, Part 1
17%
SO Episode 4 The Visitor, Part 2
17%
SC Episode 1 A Man Possessed by an Evil Spirit
13%
DiU Episode 39 Goodbye, Morioh - The Golden Heart
13%
DiU Episode 27 I'm an Alien
13%
DiU Episode 2 Josuke Higashikata! Meets Angelo
13%
SC Episode 27 "Khnum" Oingo and "Tohth" Boingo
13%
DiU Episode 6 Koichi Hirose (Echoes)
13%
DiU Episode 10 Let's Go Eat Some Italian Food
13%
VA Episode 13 Man in the Mirror and Purple Haze
13%
VA Episode 6 Moody Blues Strikes Back
13%
PB Episode 4 Overdrive
13%
DiU Episode 18 Shigechi's Harvest, Part 1
13%
DiU Episode 19 Shigechi's Harvest, Part 2
13%
PB Episode 5 The Dark Knights
13%
BT Episode 17 The Man Who Became a God
13%
DiU Episode 13 We Picked Up Something Crazy!
13%
BT Episode 6 A Hero's Proof
10%
VA Episode 28 Beneath a Sky on the Verge of Falling
10%
SO Episode 19 Birth of the "Green"
10%
VA Episode 2 Bucciarati Is Coming
10%
SO Episode 33 Gravity of the New Moon
10%
VA Episode 4 Joining the Gang
10%
VA Episode 7 Sex Pistols Appears, Part 1
10%
VA Episode 8 Sex Pistols Appears, Part 2
10%
BT Episode 15 The Bond That Binds JoJo
10%
VA Episode 20 The Boss's Last Orders
10%
SC Episode 48 The Faraway Journey, Farewell Friends
10%
VA Episode 9 The First Order from the Boss
10%
VA Episode 12 The Second Order from the Boss
10%
DiU Episode 7 Toshikazu Hazamada (Surface)
10%
DiU Episode 21 Yoshikage Kira Just Wants to Live Quietly, Part 1
10%
DiU Episode 22 Yoshikage Kira Just Wants to Live Quietly, Part 2
10%
DiU Episode 20 Yukako Yamagishi Dreams of Cinderella
10%
DiU Episode 8 Yukako Yamagishi Falls in Love, Part 1
10%
DiU Episode 9 Yukako Yamagishi Falls in Love, Part 2
10%
BT Episode 13 A True Warrior
7%
SO Episode 9 Debt Collector Marilyn Manson
7%
SC Episode 3 DIO's Curse
7%
SO Episode 18 Enter the Foo Fighters
7%
VA Episode 14 Express Train to Florence
7%
VA Episode 18 Head to Venice!
7%
SO Episode 13 Kiss of Love and Revenge, Part 1
7%
SO Episode 14 Kiss of Love and Revenge, Part 2
7%
BT Episode 8 Laying a Deeper Trap!
7%
DiU Episode 16 Let's Go Hunting!
7%
BT Episode 2 Master of the Game
7%
VA Episode 11 Narancia's Aerosmith
7%
SO Episode 10 Operation Savage Garden (Head to the Courtyard!), Part 1
7%
SO Episode 11 Operation Savage Garden (Head to the Courtyard!), Part 2
7%
PB Episode 6 Pluck for Tomorrow
7%
BT Episode 7 Ripple Teacher Lisa Lisa
7%
DiU Episode 26 Rock-Paper-Scissors Kid Is Coming!
7%
BT Episode 9 Stroheim's Unit Strikes Back
7%
VA Episode 22 The "G" in Guts
7%
VA Episode 10 The Hitman Team
7%
BT Episode 12 The Hundred vs. Two Strategy
7%
PB Episode 7 The Successor
7%
BT Episode 14 The Warrior Returns to the Wind
7%
SO Episode 12 Torrential Downpour Warning
7%
BT Episode 5 Ultimate Warriors from Ancient Times
7%
SO Episode 17 Enter the Dragon's Dream
3%
SO Episode 6 Ermes's Sticker
3%
SO Episode 20 F.F. - The Witness
3%
SO Episode 24 Jailbreak...
3%
BT Episode 4 JoJo vs. The Ultimate Being
3%
VA Episode 3 Meet the Gangster Behind the Wall
3%
SO Episode 5 Prisoner of Love
3%
BT Episode 10 Race Toward the Cliff of Death
3%
SO Episode 7 There's Six of Us!
3%
SO Episode 16 The Secret of Guard Westwood
3%
SO Episode 22 Time for Heaven! New Moon! New Priest!
3%
SO Episode 28 Time for Heaven: Three Days Until the New Moon
3%
SO Episode 15 Ultra Security House Unit
3%
VA Episode 29 Destination: Rome! The Colosseum
0%
No matching quizzes found
Score Distribution
Percent of People with Each Score
Percentile by Number Answered
Your Score History
You have not taken this quiz